| 000 | 00476nam a22001937a 4500 | ||
|---|---|---|---|
| 003 | OSt | ||
| 005 | 20260223130109.0 | ||
| 008 | 260223b |||||||| |||| 00| 0 eng d | ||
| 040 | _cSKBL | ||
| 041 | _aasm | ||
| 082 |
_a891.41308 _bMa 29 Sy |
||
| 100 |
_aMalik, Sayed Abdul. _eaut |
||
| 245 | 0 | _aSayed Abdul Malik Rachanavali / | |
| 250 | _a1st ed. / | ||
| 260 |
_aGuwahati : _bKasturi Prakashan, _c1999. |
||
| 300 | _a579p.; | ||
| 650 | _aAssamese linguistics | ||
| 942 | _cREF | ||
| 999 |
_c995 _d995 |
||